Guess The Missing Letter - Statistics

General Stats
  • This quiz has been taken 36 times
  • The average score is 14 of 15
Answer Stats
Hint Answer % Correct
Ya_ht c
100%
Gre_n e
100%
Lia_son i
100%
Ka_eidoscope l
100%
_neumonia p
100%
Pu_ple r
100%
F_st a
97%
Ono_atopoeia m
97%
Accomm_date o
97%
Na_seous u
97%
_nome g
94%
Vengea_ce n
94%
Antidi_establishmentarianism s
83%
_loccinaucinihilipilification f
74%
Da_dle w
74%
No matching quizzes found
Score Distribution
Percent of People with Each Score
Percentile by Number Answered
Your Score History
You have not taken this quiz